|
|
|
|
| LEADER |
00000nam0a2200000 4500 |
| 001 |
295542 |
| 005 |
20231102000823.0 |
| 035 |
|
|
|a (RuTPU)RU\TPU\book\320630
|
| 090 |
|
|
|a 295542
|
| 100 |
|
|
|a 20150523d1981 km y0rusy50 ca
|
| 101 |
0 |
|
|a rus
|
| 102 |
|
|
|a RU
|
| 105 |
|
|
|a a g 001zy
|
| 200 |
1 |
|
|a Спеченные материалы для электротехники и электроники
|e справочник
|f под ред. Г. Г. Гнесина
|
| 210 |
|
|
|a Москва
|c Металлургия
|d 1981
|
| 215 |
|
|
|a 343 с.
|c ил.
|
| 320 |
|
|
|a Библиогр.: с. 334-337.
|
| 320 |
|
|
|a Предметный указатель: с. 338-340.
|
| 606 |
1 |
|
|a Электроника
|x Применение
|2 stltpush
|3 (RuTPU)RU\TPU\subj\20311
|9 45420
|
| 606 |
1 |
|
|a Электротехнические материалы
|2 stltpush
|3 (RuTPU)RU\TPU\subj\20959
|9 46018
|
| 610 |
1 |
|
|a характеристика
|
| 610 |
1 |
|
|a электрические свойства
|
| 610 |
1 |
|
|a измерения
|
| 610 |
1 |
|
|a магнитные характеристики
|
| 610 |
1 |
|
|a металлы
|
| 610 |
1 |
|
|a тугоплавкие соединения
|
| 610 |
1 |
|
|a медь
|
| 610 |
1 |
|
|a ферромагнитные металлы
|
| 610 |
1 |
|
|a электрические контакты
|
| 610 |
1 |
|
|a высокотемпературные диэлектрики
|
| 610 |
1 |
|
|a катодные материалы
|
| 610 |
1 |
|
|a резисторы
|
| 610 |
1 |
|
|a электронагреватели
|
| 610 |
1 |
|
|a магнитные материалы
|
| 610 |
1 |
|
|a справочники
|
| 675 |
|
|
|a 621.3.002.3(035)
|v 3
|
| 675 |
|
|
|a 621.38.004(035)
|v 3
|
| 702 |
|
1 |
|a Гнесин
|b Г. Г.
|g Георгий Гдалевич
|4 340
|
| 801 |
|
1 |
|a RU
|b 63413507
|c 20150523
|
| 801 |
|
2 |
|a RU
|b 63413507
|c 20151128
|g RCR
|
| 942 |
|
|
|c BK
|